[Event "German Bundesliga 2021-22"]
[Site "Germany"]
[Date "2022.04.10"]
[Round "4.14"]
[White "Teclaf, Pawel"]
[Black "Jakubowski, Krzysztof"]
[Result "1-0"]
[WhiteElo "2542"]
[BlackElo "2475"]
[Annotator "TA"]
[PlyCount "109"]
[EventDate "2022.03.05"]
[EventType "team-tourn"]
[EventCountry "GER"]
[SourceTitle "playchess.com"]
[Source "ChessBase"]
[SourceQuality "1"]
[TimeControl "40/5400+30:1800+30"]

{[%evp 12,109,7,6,10,6,9,18,12,0,5,9,12,0,12,-3,0,0,0,-3,0,0,0,-5,14,0,22,16,28,30,74,76,72,76,72,75,143,93,140,142,145,139,234,218,216,123,252,245,292,292,277,193,194,190,163,92,108,102,99,105,101,74,92,92,127,134,146,146,275,143,268,250,410,381,1077,1101,867,918,872,542,158,153,29958,29963,29965,29966,29965,29963,29945,12833,29969,29965,29971,29970,29962,11882,29985,29986,29985,29986]} 1. e4 {[%emt 0:00:00]} e5 {[%emt 0:00:00]} 2. Nf3 {[%emt 0:00:00]} Nc6 {[%emt 0:00:00]} 3. Bb5 {[%emt 0:00:00]} a6 {[%emt 0:00:00]} 4. Ba4 {[%emt 0:00:00]} Nf6 {[%emt 0:00:00]} 5. d3 {[%emt 0:00:00]} d6 {[%emt 0:00:00]} 6. c4 {[%emt 0:00:00]} Bg4 {[%emt 0:00:00]} 7. Nc3 {[%emt 0:08:56]} Be7 {[%emt 0:00:00] C71: Ruy Lopez: Deferred Steinitz Variation, sidelines.} 8. h3 {[%emt 0:16:47]} Bxf3 {[%emt 0:02:06]} 9. Qxf3 {[%emt 0:00:10]} O-O {[%emt 0:00:08] The position is equal.} 10. Ne2 {[%emt 0:11:28]} Nd7 {[%emt 0:05:50]} 11. O-O {[%emt 0:00:39]} Rb8 {[%emt 0:11:18]} 12. a3 {[%emt 0:11:51]} Nc5 {[%emt 0:11:19] [#]} 13. Bxc6 $146 {[%emt 0:05:51]} ({Predecessor:} 13. Bc2 Ne6 14. Be3 g6 15. Qg3 Bf6 16. b4 Bg7 17. Ba4 Ned4 18. Ra2 Ne6 19. Bxc6 bxc6 {0-1 (64) Lukov,V (2430)-Toshkov,T (2385) Sofia 1981}) 13... bxc6 {[%emt 0:00:20]} 14. b4 $1 {[%emt 0:00:05]} Ne6 {[%emt 0:03:03]} 15. Be3 {[%emt 0:03:50]} a5 {[%emt 0:15:33]} 16. Rab1 {[%emt 0:06:23]} axb4 {[%emt 0:03:02]} 17. axb4 {[%emt 0:00:12]} Rb7 {[%emt 0:10:33]} 18. d4 {[%emt 0:07:53]} exd4 {[%emt 0:02:11]} 19. Nxd4 {[%emt 0:00:12]} Nxd4 {[%emt 0:03:49]} 20. Bxd4 {[%emt 0:00:08]} Bf6 {[%emt 0:00:31]} 21. e5 $1 {[%emt 0:01:09] &Bianco is more active.} Bxe5 {[%emt 0:00:25] [#]} 22. Qxc6 $1 {[%emt 0:00:50]} Qb8 {[%emt 0:04:00]} 23. Bxe5 {[%emt 0:01:46]} dxe5 {[%emt 0:00:06]} (23... Rb6 $142 24. Qd5 dxe5) 24. Qc5 {[%emt 0:01:19]} (24. b5 $142) 24... Re8 {[%emt 0:05:48]} ({Better is} 24... f6) 25. Rfd1 $16 {[%emt 0:02:22]} Qc8 {[%emt 0:02:15]} 26. Rd5 {[%emt 0:02:48]} Qe6 {[%emt 0:09:44]} (26... c6 $16 27. Rxe5 Rxe5 28. Qxe5 Qb8) 27. Rbd1 $1 $18 {[%emt 0:03:55][%cal Od5e5] And now Rxe5! would win.} h6 {[%emt 0:03:55]} 28. b5 {[%emt 0:03:03] Against c6} (28. Rd7 $18) 28... e4 {[%emt 0:02:08]} (28... Qe7 $16 {might work better.}) 29. Rd8 {[%emt 0:06:10]} Rxd8 {[%emt 0:01:18]} 30. Rxd8+ {[%emt 0:00:06][%mdl 4096] Endgame KQR-KQR} Kh7 {[%emt 0:00:03]} 31. Qd5 {[%emt 0:03:02]} Qxd5 {[%emt 0:01:56]} 32. Rxd5 {[%emt 0:00:02] KR-KR} Kg6 {[%emt 0:00:37]} 33. Re5 {[%emt 0:02:29]} (33. Kf1 $18) 33... c6 {[%emt 0:02:39]} 34. bxc6 {[%emt 0:00:41]} Rc7 {[%emt 0:00:09]} 35. Rxe4 {[%emt 0:01:05]} Rxc6 {[%emt 0:00:06]} 36. f3 {[%emt 0:01:44]} f5 {[%emt 0:01:31]} 37. Rd4 {[%emt 0:00:21]} Kf6 {[%emt 0:00:07]} 38. Kf2 {[%emt 0:00:10]} g5 {[%emt 0:00:30] [#]} 39. Ke3 $1 {[%emt 0:01:31]} f4+ {[%emt 0:02:11]} (39... h5 $16 40. Kd3 Ra6) 40. Ke2 {[%emt 0:01:00]} ({White should try} 40. Kd3 $18) 40... Ke6 {[%emt 0:00:38] [#]} (40... Rb6 $16 41. Kd3 Rb3+ 42. Ke4 Ke6) 41. Kd3 $1 {[%emt 0:00:00]} Ra6 $2 {[%emt 0:00:00]} (41... Kf6 42. Kc3 Ke5 43. Rd5+ Ke6) 42. c5 {[%emt 0:06:23][%cal Bc4c5,Bc5c6][%mdl 32]} Ra3+ $2 {[%emt 0:03:06]} (42... h5 43. Kc3 Ra8 44. Rd6+ Kf7) 43. Kc4 {[%emt 0:01:17]} Ra2 {[%emt 0:00:06]} 44. c6 {[%emt 0:02:52]} Rxg2 {[%emt 0:00:49]} 45. Rd3 {[%emt 0:07:19] Strongly threatening Kb3.} Rc2+ {[%emt 0:23:13]} 46. Kb5 {[%emt 0:00:06] aiming for Kb6.} Ke7 $2 {[%emt 0:00:05]} (46... h5 $16 47. Kb6 Rb2+ 48. Ka6 g4 49. fxg4 hxg4 50. hxg4 f3 51. Rxf3 Kd6 52. Rf6+ Kc7) 47. Kb6 {[%emt 0:03:32]} Rb2+ {[%emt 0:01:48]} 48. Ka7 {[%emt 0:00:10]} Ra2+ {[%emt 0:00:05]} 49. Kb7 {[%emt 0:00:24]} Rb2+ {[%emt 0:00:05]} 50. Kc8 {[%emt 0:00:55] White wants to mate with c7.} Rb4 {[%emt 0:04:43]} 51. c7 {[%emt 0:01:43]} Rb1 {[%emt 0:00:42]} 52. Rd7+ {[%emt 0:00:33]} Ke8 {[%emt 0:00:54]} 53. Rd6 {[%emt 0:03:05] Threatening mate with Re6+.} Rb3 {[%emt 0:00:55]} 54. Re6+ {[%emt 0:01:19]} Kf7 {[%emt 0:00:10]} 55. Kd7 {[%emt 0:00:12] Weighted Error Value: White=0.18 (very precise) /Black=0.59} 1-0

[Event "German Bundesliga 2021-22"]
[Site "Germany"]
[Date "2022.04.10"]
[Round "4.14"]
[White "Handke, Florian"]
[Black "Kurmann, Oliver"]
[Result "1/2-1/2"]
[WhiteElo "2539"]
[BlackElo "2462"]
[Annotator "TA"]
[PlyCount "115"]
[EventDate "2022.03.05"]
[EventType "team-tourn"]
[EventCountry "GER"]
[SourceTitle "playchess.com"]
[Source "ChessBase"]
[SourceQuality "1"]
[TimeControl "40/5400+30:1800+30"]

{[%evp 24,115,45,50,48,-41,-33,-43,-31,-42,0,0,0,0,3,3,11,14,0,0,0,0,0,0,-6,0,0,0,0,0,0,0,0,-73,-6,-89,-15,-42,-45,-45,-45,-46,-40,-44,-45,-62,-35,-53,-43,-50,-35,-35,0,0,0,-8,-12,-24,-17,-34,-27,-39,-11,-39,-11,-57,-9,-54,-53,-55,-43,-53,-43,-46,-44,-55,-55,-55,-55,-55,-55,-55,-55,-55,-55,-55,-55,-64,-64,-64,-64,-64,-64,-64]} 1. e4 {[%emt 0:00:00]} c5 {[%emt 0:00:00]} 2. Nf3 {[%emt 0:00:00]} Nc6 {[%emt 0:00:00]} 3. d4 {[%emt 0:00:00]} cxd4 {[%emt 0:00:00]} 4. Nxd4 {[%emt 0:00:00]} Nf6 {[%emt 0:00:00]} 5. Nc3 {[%emt 0:00:00]} e5 {[%emt 0:00:00]} 6. Ndb5 {[%emt 0:00:00]} d6 {[%emt 0:00:00]} 7. Bg5 {[%emt 0:00:00]} a6 {[%emt 0:00:00]} 8. Na3 {[%emt 0:00:00]} b5 {[%emt 0:00:00]} 9. Nd5 {[%emt 0:00:00]} Qa5+ {[%emt 0:00:00]} 10. Bd2 {[%emt 0:00:00]} Qd8 {[%emt 0:00:00]} 11. Bg5 {[%emt 0:00:00]} Qa5+ {[%emt 0:00:00] 11...Rb8 is setting a new trend.} 12. Bd2 {[%emt 0:00:00]} Qd8 {[%emt 0:00:00]} 13. c4 {[%emt 0:04:06]} Nxe4 {[%emt 0:00:00] [#] B33: Sicilian: Pelikan and Sveshnikov Variations.} 14. g3 $146 {[%emt 0:04:42]} (14. cxb5 $14 Be6 15. Bc4) ({Predecessor:} 14. cxb5 Be6 15. Bc4 Ne7 16. Be3 Rc8 17. Bb6 Qd7 18. bxa6 Rxc4 19. Nxc4 Bxd5 20. a7 Ba8 21. f3 Qc6 22. Rc1 Nd5 23. Qb3 Nf4 24. fxe4 {1-0 (62) Korneev,O (2513)-Harutjunyan,G (2444) Cheliabinsk 2020}) 14... Nxd2 $15 {[%emt 0:11:52]} 15. Qxd2 {[%emt 0:00:14]} Nd4 {[%emt 0:00:25]} 16. Bg2 {[%emt 0:01:06] Prevents Nf3+.} Ra7 {[%emt 0:05:54]} 17. O-O {[%emt 0:05:54]} Be7 {[%emt 0:00:23]} 18. cxb5 {[%emt 0:12:08]} axb5 {[%emt 0:00:18]} 19. Nc2 {[%emt 0:00:04]} Nxc2 {[%emt 0:01:23]} 20. Qxc2 {[%emt 0:00:03]} O-O {[%emt 0:00:16]} 21. Qb3 {[%emt 0:06:38]} Qa5 {[%emt 0:18:46]} 22. Rfd1 {[%emt 0:10:32]} Be6 {[%emt 0:02:58]} 23. Qe3 {[%emt 0:26:17][%cal Oa2a4]} Bd8 {[%emt 0:07:56][%cal Be7d8,Bd8b6,Bb6c5][%mdl 32]} 24. a3 {[%emt 0:02:10]} Bxd5 {[%emt 0:09:35]} 25. Rxd5 {[%emt 0:00:07]} Bb6 {[%emt 0:00:04]} 26. Qd3 {[%emt 0:04:02]} Bc5 {[%emt 0:00:11]} 27. Be4 {[%emt 0:07:17] [#] aiming for b4.} b4 {[%emt 0:12:17][%cal Of7f5] With the idea ...f5!} 28. Bxh7+ {[%emt 0:01:36]} Kh8 {[%emt 0:00:02] And now ...g6 would win.} 29. Be4 {[%emt 0:00:50]} (29. g4 $1 $11) 29... bxa3 {[%emt 0:02:26]} ({Better is} 29... f5 $1 $17 {[%cal Rf5e4]} 30. Bxf5 g6 31. Bxg6 Rxf2) 30. Qf3 {[%emt 0:15:05] Threatening mate with Qh5+.} Kg8 {[%emt 0:03:56] Threatens to win with ...a2.} 31. bxa3 {[%emt 0:00:40]} g6 {[%emt 0:01:02]} 32. Qf6 {[%emt 0:01:05]} Qd8 {[%emt 0:02:41]} (32... Qa4 {looks sharper.} 33. Re1 Qd7 34. Rd3 Qe6) 33. Qxd8 {[%emt 0:00:23]} Rxd8 {[%emt 0:00:01][%cal Bf8d8,Bd8b8,Bb8b4][%mdl 32]} 34. a4 {[%emt 0:00:37]} Rb8 {[%emt 0:09:48]} 35. Ra2 {[%emt 0:00:08] Against Rb2} Rb4 {[%emt 0:00:05][%csl LRa4,LRe4]} 36. Bc2 {[%emt 0:00:06]} Ra5 {[%emt 0:00:06][%cal Oc5f2] White must now prevent ...Bxf2+!} 37. Kg2 {[%emt 0:00:36]} e4 {[%emt 0:02:55]} 38. h4 {[%emt 0:01:46]} f5 {[%emt 0:06:07]} 39. h5 {[%emt 0:00:34]} Kf7 {[%emt 0:00:30]} 40. hxg6+ {[%emt 0:00:47]} Kxg6 {[%emt 0:00:28]} 41. Bd1 {[%emt 0:00:00]} Kf6 {[%emt 0:00:00]} 42. Rad2 {[%emt 0:00:00]} Ra6 {[%emt 0:00:00]} 43. Kh3 {[%emt 0:06:27]} Ke6 {[%emt 0:00:00][%cal Oc5f2] next ...Bxf2! is good for Black.} 44. Kg2 {[%emt 0:10:18]} (44. g4 $11) 44... Rab6 {[%emt 0:01:50]} (44... Ra8 $15) 45. Bh5 {[%emt 0:04:15]} (45. a5 $5 {[%cal Ra5b6]} R6b5 46. a6 $15) 45... Rb2 {[%emt 0:24:07] Black is slightly better.} 46. a5 {[%emt 0:01:03]} Rxd2 {[%emt 0:00:45]} 47. Rxd2 {[%emt 0:00:04][%mdl 4096] Endgame KRB-KRB} Ra6 {[%emt 0:00:11]} 48. Ra2 {[%emt 0:00:40] [#]} Bb6 $1 {[%emt 0:01:16]} 49. Be2 {[%emt 0:00:58]} (49. f3 d5) 49... Rxa5 {[%emt 0:00:05]} 50. Rxa5 {[%emt 0:00:02]} Bxa5 {[%emt 0:00:03] KB-KB} 51. g4 {[%emt 0:02:23]} f4 {[%emt 0:01:34] Hoping for ...f3+.} 52. f3 $1 {[%emt 0:00:21]} d5 {[%emt 0:00:27]} 53. Ba6 {[%emt 0:00:23]} Bb6 {[%emt 0:02:04]} 54. Bb7 {[%emt 0:01:18]} Ke5 {[%emt 0:00:45]} 55. g5 {[%emt 0:00:29]} Bd8 {[%emt 0:02:28]} 56. g6 {[%emt 0:00:07] g7 is the strong threat.} Bf6 {[%emt 0:00:17]} 57. Kf2 {[%emt 0:00:09]} Kd4 {[%emt 0:00:16]} 58. Ke2 {[%emt 0:00:13] Weighted Error Value: White=0.11 (very precise) /Black=0.09 (flawless)} 1/2-1/2

[Event "German Bundesliga 2021-22"]
[Site "Germany"]
[Date "2022.04.10"]
[Round "4.14"]
[White "Markgraf, Alexander"]
[Black "Maiwald, Jens-Uwe"]
[Result "1/2-1/2"]
[WhiteElo "2482"]
[BlackElo "2430"]
[Annotator "TA"]
[PlyCount "69"]
[EventDate "2022.03.05"]
[EventType "team-tourn"]
[EventCountry "GER"]
[SourceTitle "playchess.com"]
[Source "ChessBase"]
[SourceQuality "1"]
[TimeControl "40/5400+30:1800+30"]

{[%evp 16,69,28,18,22,30,22,43,27,34,39,42,40,37,51,52,49,41,31,43,38,0,0,0,0,0,-7,-8,0,0,0,-16,15,-29,-28,-47,0,0,0,-59,-53,-51,-58,-145,-153,-155,-153,-139,-151,-218,-117,-109,0,-202,0,-131]} 1. e4 {[%emt 0:00:00]} c5 {[%emt 0:00:00]} 2. Nf3 {[%emt 0:00:00]} e6 {[%emt 0:00:00]} 3. d4 {[%emt 0:00:00]} cxd4 {[%emt 0:00:00]} 4. Nxd4 {[%emt 0:00:00]} Nc6 {[%emt 0:00:00]} 5. Nc3 {[%emt 0:00:00]} Qc7 {[%emt 0:00:00]} 6. Be3 {[%emt 0:00:00]} a6 {[%emt 0:00:00]} 7. Qd2 {[%emt 0:00:00]} Nf6 {[%emt 0:00:00]} 8. O-O-O {[%emt 0:00:00]} Bb4 {[%emt 0:00:00] 8...Bb4 was played by the boomers.} 9. f3 {[%emt 0:00:00]} Ne7 {[%emt 0:00:00] was the old line (9...Ne5). B48: Sicilian: Taimanov: 5 Nc3 Qc7 6 Be3 a6 without Be2.} 10. Nde2 {[%emt 0:00:00]} b5 {[%emt 0:00:00]} 11. Kb1 {[%emt 0:14:58][%cal Oc3b5] [#] Black must now prevent Nxb5!} Ba5 {[%emt 0:00:46] White is slightly better.} 12. Bf4 {[%emt 0:15:34]} e5 {[%emt 0:01:02]} 13. Bg5 {[%emt 0:00:41] Threatens to win with Bxf6.} h5 {[%emt 0:01:36]} 14. Qd3 {[%emt 0:26:46]} Bb7 {[%emt 0:04:23]} 15. Bxf6 {[%emt 0:02:33]} gxf6 {[%emt 0:00:09]} 16. Nd5 {[%emt 0:00:24]} Nxd5 {[%emt 0:10:11]} 17. exd5 {[%emt 0:00:04]} h4 {[%emt 0:01:35] Inhibits Ng3.} 18. Nc1 {[%emt 0:02:40]} (18. g4 {with more complications.} Rc8 19. Qe4 Qc4 20. Qf5) 18... d6 {[%emt 0:27:09] [#]} 19. Qe4 $146 {[%emt 0:05:19]} ({Predecessor:} 19. Qf5 Ke7 20. f4 Rag8 21. fxe5 fxe5 22. Be2 Bc8 23. Qf2 Bb6 24. Qf1 Rh6 25. Qe1 Rxg2 {0-1 (33) Zhang,X (2278)-Wang,Y (2737) Shenzhen 2016}) 19... Bc8 {[%emt 0:04:14]} 20. Bd3 {[%emt 0:09:34]} f5 {[%emt 0:10:11]} 21. Qe2 {[%emt 0:00:05]} Rg8 {[%emt 0:01:17]} 22. g3 {[%emt 0:07:09] Inhibits f4.} Bb6 {[%emt 0:00:48]} 23. c3 {[%emt 0:00:42]} Qc5 {[%emt 0:02:32]} (23... hxg3 24. hxg3 Kd8 25. Rh5 $14) 24. Qc2 {[%emt 0:05:45]} Qf2 {[%emt 0:04:08] And now ...Qxc2+ would win.} (24... Qxd5 $2 {[#]} 25. Be4 $1 {[%mdl 512]} Qe6 26. Bxa8 $18) 25. Ne2 {[%emt 0:05:29]} Ke7 {[%emt 0:14:21]} (25... Rh8 $15 {feels stronger.}) 26. Rdf1 $11 {[%emt 0:01:40]} Qg2 {[%emt 0:01:06][%cal Rh4g3]} 27. Qd2 {[%emt 0:01:50]} (27. Re1 $11) 27... hxg3 $15 {[%emt 0:04:41]} 28. hxg3 {[%emt 0:00:08]} Rxg3 {[%emt 0:00:42]} 29. Qe1 {[%emt 0:00:36]} ({Better is} 29. Qh6 $15 Rxf3 30. Rxf3 Qxf3 31. Qg5+ Kd7 32. Qxf5+ (32. Bxf5+ $2 Kc7 $19) 32... Qxf5 33. Bxf5+ Ke7 34. Bxc8 Rxc8 35. Ng3) 29... Rxf3 $17 {[%emt 0:08:23]} 30. Qh4+ {[%emt 0:00:38]} Ke8 {[%emt 0:01:55]} 31. Rxf3 {[%emt 0:01:06]} ({Wrong is} 31. Qh8+ $2 Kd7 32. Rxf3 (32. Bxf5+ $2 Rxf5 33. Rxf5 Qe4+ 34. Ka1 Qxf5 $19) 32... Qxf3) 31... Qxf3 {[%emt 0:00:08]} 32. Qh8+ {[%emt 0:01:08]} (32. Bc2 $17) 32... Ke7 {[%emt 0:01:02]} (32... Kd7 $19 33. Rh3 Qxd5 34. Bxf5+ Kc7) 33. Qh4+ {[%emt 0:00:19]} Ke8 {[%emt 0:01:10]} (33... Kd7 $17 34. Nc1 Bf2) 34. Qh8+ $1 $19 {[%emt 0:00:49]} Ke7 {[%emt 0:02:32]} 35. Qh4+ $1 {[%emt 0:00:27] Weighted Error Value: White=0.13 (very precise) /Black=0.19 (very precise)} 1/2-1/2

[Event "German Bundesliga 2021-22"]
[Site "Germany"]
[Date "2022.04.10"]
[Round "4.15"]
[White "Fedorovsky, Michael"]
[Black "Naumann, Alexander"]
[Result "1/2-1/2"]
[WhiteElo "2396"]
[BlackElo "2514"]
[Annotator "TA"]
[PlyCount "55"]
[EventDate "2022.03.05"]
[EventType "team-tourn"]
[EventCountry "GER"]
[SourceTitle "playchess.com"]
[Source "ChessBase"]
[SourceQuality "1"]
[TimeControl "40/5400+30:1800+30"]

{[%evp 15,55,-3,1,-27,0,-16,8,14,14,-2,16,10,9,0,0,-16,-16,-16,-8,-38,-37,-48,-41,-48,-45,-46,-27,-27,-33,-30,-24,-24,0,-60,0,0,0,-62,0,0,0,-75]} 1. d4 {[%emt 0:00:00]} Nf6 {[%emt 0:00:00]} 2. c4 {[%emt 0:00:00]} g6 {[%emt 0:00:00]} 3. Nc3 {[%emt 0:00:00]} d5 {[%emt 0:00:00]} 4. cxd5 {[%emt 0:00:00]} Nxd5 {[%emt 0:00:00]} 5. e4 {[%emt 0:00:00]} Nxc3 {[%emt 0:00:00]} 6. bxc3 {[%emt 0:00:00]} Bg7 {[%emt 0:00:00]} 7. Nf3 {[%emt 0:00:00]} c5 {[%emt 0:00:00]} 8. Bb5+ {[%emt 0:00:00]} Nc6 {[%emt 0:00:00][%cal Rc5d4] The main line 8...Nc6 scores better than 8...Bd7.} 9. d5 {[%emt 0:00:00] [#] D85: Exchange Grünfeld: Unusual White 7th moves and lines with 7 Nf3.} Qa5 $1 {[%emt 0:00:00]} 10. Rb1 {[%emt 0:00:00] [#]} a6 $1 {[%emt 0:00:00]} 11. Bxc6+ {[%emt 0:00:00]} bxc6 {[%emt 0:00:00]} 12. O-O $1 {[%emt 0:00:00]} O-O {[%emt 0:47:46]} 13. dxc6 {[%emt 0:20:26]} Bg4 {[%emt 0:00:44]} 14. Bf4 {[%emt 0:05:12]} Rac8 {[%emt 0:03:07][%cal Ba8c8,Bc8c6,Bc6e6][%mdl 32] [#]} 15. h3 $146 {[%emt 0:29:45]} ({Predecessor:} 15. c7 e5 16. Be3 Rxc7 17. Qb3 Be6 18. c4 Rc6 19. Ng5 Bc8 20. Rfd1 h6 21. Nf3 {½-½ (31) Prasanna Raghuram,R (2458)-Muzychuk,A (2571) Caleta 2018}) 15... Bxf3 {[%emt 0:03:40]} 16. Qxf3 {[%emt 0:00:03]} Rxc6 {[%emt 0:00:24]} 17. e5 {[%emt 0:03:30]} Re6 {[%emt 0:03:58]} 18. Rfe1 {[%emt 0:15:18]} Qxa2 {[%emt 0:03:36][%cal Og7e5] Threatens to win with ...Bxe5!} 19. Qd3 {[%emt 0:01:55]} Qa5 {[%emt 0:03:47]} 20. Rb7 {[%emt 0:05:02]} Qd8 {[%emt 0:16:21]} 21. Rd7 {[%emt 0:05:13]} Qa8 {[%emt 0:00:31]} 22. c4 {[%emt 0:03:41]} a5 {[%emt 0:02:46]} 23. Qd5 {[%emt 0:01:01]} Rc8 {[%emt 0:02:16]} 24. Rc7 {[%emt 0:03:12]} Qb8 {[%emt 0:06:35]} 25. Rb7 {[%emt 0:02:01]} Qa8 {[%emt 0:00:01]} 26. Rc7 {[%emt 0:01:44][%cal Oe1a1]} Qb8 {[%emt 0:00:06]} ({Black should play} 26... Bf8 $15) 27. Rb7 {[%emt 0:01:15]} (27. Rxc5 $11 {remains equal.} Rd8 {[#]} 28. Rb5 $1) 27... Qa8 $17 {[%emt 0:00:04]} 28. Rc7 {[%emt 0:00:22][%mdl 64] Back Rank.  Weighted Error Value: White=0.10 (very precise) /Black=0.12 (very precise)} 1/2-1/2

[Event "German Bundesliga 2021-22"]
[Site "Germany"]
[Date "2022.04.10"]
[Round "4.15"]
[White "Hess, Max"]
[Black "Parvanyan, Ashot"]
[Result "1-0"]
[WhiteElo "2395"]
[BlackElo "2462"]
[Annotator "TA"]
[PlyCount "55"]
[EventDate "2022.03.05"]
[EventType "team-tourn"]
[EventCountry "GER"]
[SourceTitle "playchess.com"]
[Source "ChessBase"]
[SourceQuality "1"]
[TimeControl "40/5400+30:1800+30"]

{[%evp 9,55,0,0,0,0,6,80,72,70,47,63,59,52,53,131,118,122,118,200,207,220,229,233,242,238,237,238,233,234,228,225,228,234,205,306,286,291,239,285,273,437,442,1775,1863,1954,1597,2488,2286]} 1. c4 {[%emt 0:00:00]} Nf6 {[%emt 0:00:00]} 2. Nc3 {[%emt 0:00:00]} e5 {[%emt 0:00:00]} 3. Nf3 {[%emt 0:00:00]} Nc6 {[%emt 0:00:00]} 4. e3 {[%emt 0:00:00]} Bb4 {[%emt 0:00:00]} 5. Qc2 {[%emt 0:00:00]} O-O {[%emt 0:00:00]} 6. Be2 {[%emt 0:06:02] A28: English Opening: Four Knights Variation.} Re8 {[%emt 0:01:55]} 7. O-O {[%emt 0:10:58]} d5 {[%emt 0:22:14]} (7... Bxc3 $11 8. bxc3 b6) 8. cxd5 $16 {[%emt 0:06:02] White is better.} Nxd5 {[%emt 0:00:23]} 9. Nxd5 {[%emt 0:17:20]} Qxd5 {[%emt 0:00:06]} 10. Ng5 {[%emt 0:00:18]} e4 {[%emt 0:03:05]} 11. f4 {[%emt 0:02:35] And now Bc4 would win.} Re7 {[%emt 0:06:02]} (11... Qc5 $14 12. Bc4 (12. Qb3 Re7 $16) 12... Be6 13. Nxe6 Rxe6) 12. Bc4 {[%emt 0:05:43]} Qf5 {[%emt 0:12:55]} 13. d3 {[%emt 0:02:08] [#]} exd3 $146 {[%emt 0:12:41]} (13... Qg6 $16) ({Predecessor:} 13... Na5 14. dxe4 Qc5 15. e5 g6 16. Bd3 Qxc2 17. Bxc2 Rd7 18. Ne4 Rd8 19. a3 Be7 {½-½ (44) Palacios,E (2186)-Pena Morales,H (2147) Lima 2013}) 14. Bxd3 $18 {[%emt 0:00:24]} Qc5 {[%emt 0:00:13]} 15. Bxh7+ {[%emt 0:01:43]} Kf8 {[%emt 0:00:04]} 16. Qf2 {[%emt 0:06:39]} Qd6 {[%emt 0:05:30]} 17. Bc2 {[%emt 0:08:05]} Qh6 {[%emt 0:00:03] [#]} 18. e4 $1 {[%emt 0:01:36]} Ba5 {[%emt 0:01:35]} 19. Be3 {[%emt 0:02:28] Against Nd4} Bb6 {[%emt 0:00:04]} 20. Rad1 {[%emt 0:02:37]} ({But not} 20. Bc5 $6 Nb4 $16) 20... Bg4 {[%emt 0:03:51]} 21. Rd2 {[%emt 0:00:57]} Rae8 {[%emt 0:00:36]} (21... Rd8 $142 22. Bxb6 Rxd2 23. Qxd2 axb6) 22. Bxb6 {[%emt 0:01:24]} axb6 {[%emt 0:00:04]} 23. h3 {[%emt 0:01:46]} Bc8 {[%emt 0:00:17]} 24. e5 {[%emt 0:04:20]} f6 $2 {[%emt 0:02:16]} (24... Rd8 {was necessary.} 25. Rxd8+ Nxd8) 25. Qg3 {[%emt 0:07:23] Hoping for Nh7+. White is clearly winning.} Qh5 {[%emt 0:07:42]} (25... f5 $142 26. Rfd1 Be6) 26. Nh7+ {[%emt 0:02:17]} Kf7 {[%emt 0:00:04]} 27. Bb3+ {[%emt 0:00:19]} Be6 {[%emt 0:00:26] [#]} 28. f5 $1 {[%emt 0:00:10] Black got outplayed after the opening.  Weighted Error Value: White=0.05 (flawless) /Black=0.33} 1-0